| 000 | 00956nam a22002057a 4500 | ||
|---|---|---|---|
| 999 |
_c64085 _d64085 |
||
| 003 | Ge_BSU | ||
| 005 | 20260327112041.0 | ||
| 008 | 260327s1992 ge ||||| |||| 00| 0 geo d | ||
| 041 | _ageo | ||
| 080 | _a005(075.8) : 334.758 : 005.7 გ-74 | ||
| 100 |
_aგოცირიძე, მ.ვ. _9737 |
||
| 245 |
_aმენეჯმენტი : _bსამრეწველო ფირმის მართვის საფუძვლები. (ნაწ. 1) / _cმ.ვ. გოცირიძე; რედ. ს. სოსელია. |
||
| 264 |
_aთბილისი : _bზედაშე, _c1992. |
||
| 300 |
_a84 გვ.; _b20 სმ. |
||
| 504 | _aბიბლიოგრ. გვ. 81-82 | ||
| 653 | _aმენეჯმენტი | ||
| 653 | _aსამრეწველო ფირმის მენეჯმენტი | ||
| 700 |
_aსოსელია, ს. _eრედაქტორი _9738 |
||
| 942 |
_2udc _cᲬᲘᲒᲜᲘ |
||